Využitie internetu a výpočtovej techniky pri výučbe matematiky bakalárska práca

Salvato in:
Dettagli Bibliografici
Autore principale: Barčáková, Nina, 1999-
Ente Autore: Fakulta hospodárskej informatiky EU. Katedra matematiky a aktuárstva
Altri autori: Slaninka, František, 1973-
Natura: Libro
Lingua:slovacco
Pubblicazione: Bratislava 2021
Tags: Aggiungi Tag
Nessun Tag, puoi essere il primo ad aggiungerne!!

MARC

LEADER 00000nbm a2200000 4500
001 0276228
005 20220311132229.2
041 0 |a slo 
044 |a SK 
245 1 0 |a Využitie internetu a výpočtovej techniky pri výučbe matematiky  |b bakalárska práca  |c Nina Barčáková ; školiteľ: František Slaninka 
264 1 |a Bratislava  |c 2021 
300 |a 65 s. 
100 1 |a Barčáková, Nina, 1999- 
700 1 |a Slaninka, František, 1973- 
710 2 |a Fakulta hospodárskej informatiky EU. Katedra matematiky a aktuárstva